The sleeping beauty in the wood : A tale.

Bibliographic Details
Format: eBook
Language:English
Series:Eighteenth century collections online.
Online Access:Full text online

MARC

Tag First Indicator Second Indicator Subfields
LEADER 00000cam a2200000 4500
001 in00001925155
006 m | d |
007 cr |n||||||||n
008 791208s1796 enk|||| s 00||||eng d
005 20260406225022.3
035 |a (CStRLIN)ESTCT71684 
040 |a Uk-ES  |c Uk-ES  |d CStRLIN  |d Thomson Gale  |d UtOrBLW 
245 0 4 |a The sleeping beauty in the wood :  |b A tale. 
264 3 |a [London?] :  |b Printed in the year,  |c 1796. 
300 |a 23, 1 unnumbered page ;  |c 12⁰. 
336 |a text  |b txt  |2 rdacontent 
337 |a computer  |b c  |2 rdamedia 
338 |a online resource  |b cr  |2 rdacarrier 
500 |a Vertical chain lines. 
500 |a Reproduction of original from the British Library. 
510 4 |a English Short Title Catalog,  |c ESTCT71684. 
533 |a Electronic reproduction.  |b Farmington Hills, Mich. :  |c Thomson Gale,  |d 2003.  |n Available via the World Wide Web.  |n Access limited by licensing agreements  |7 s2003 miunns 
500 |a Electronic resource. 
830 0 |a Eighteenth century collections online. 
856 4 0 |u http://proxy.library.tamu.edu/login?url=https://galenet.galegroup.com/servlet/ECCO?c=1&stp=Author&ste=11&af=BN&ae=T071684&tiPG=1&dd=0&dc=flc&docNum=CW116216730&vrsn=1.0&srchtp=a&d4=0.33&n=10&SU=0LRK&locID=txshracd2898  |z Full text online  |t 0 
999 |a MARS 
999 f f |s 7aa6c588-f7df-393b-a629-3fbd55d38dd2  |i 35769614-d9a7-387e-961e-a1c13300e050  |t 0 
952 f f |a Texas A&M University  |b College Station  |c Electronic Resources  |s www_evans  |d Available Online  |t 0  |h No information provided 
998 f f |t 0  |l Available Online